LEADER 00894nam a2200217 i 4500 001 000000232323 003 CaOOAMICUS 005 20140825000000.0 008 140825s1925 it u000 u ita u 013 $a211226 040 $aSeMil$bita 100 1 $aPalaja, Bruno.$0(OLS)http://semarc/name/79788 245 12$aI miracoli del sabato /$cBruno Palaja. 260 $aReggio Calabria :$bScuola Tip. Orfanotrofio Prov. «Umberto 1.»,$c1925. 300 $aIX, 144 p. ;$c25 cm. 500 $aSul front : Dedica al Card. Schuster. 650 4$aGesł Cristo - Miracoli.$0(OLS)http://semarc/subject/4630 850 $aSeMil 852 $aSeMil$W1$xVenegono$y1$m2Z IV 63$j182669$B182669$CSeMilBibl$Z2$F193689 $81 996 $6245$aI miracoli del sabato$9(OLS)http://semarc/title/331532 996 $6260$aReggio Calabria :$bScuola Tip. Orfanotrofio Prov. «Umberto 1.»$9(OLS)http://semarc/publisher/53985 LEADER 00768nam a2200193 i 4500 001 000000184241 003 CaOOAMICUS 005 20250122120427.0 008 091222n it u000 u ita u 040 $aSeMil$bita 245 00$aVol. 2. 300 $aP. 484-906, [7] c. di tav. :$bill. ;$c25 cm 490 1 $aItalia sacra : studi e documenti di storia ecclesiastica ;$v16 773 0 $tMiscellanea Gilles Gerard Meersseman.$dPadova : Antenore, 1970.$w()22665 830 0$aItalia sacra :$bstudi e documenti di storia ecclesiastica ;$v16.$0(OLS)http://semarc/title/159 850 $aSeMil 852 $aSeMil$W1$xVenegono$y1$m3TA I 16$j253998$B134937$CSeMilBibl$Z2$F146572 $81 996 $6245$aVol. 2$9(OLS)http://semarc/title/13458